000
00279nam a22001337a 4500
008
170206b xxu||||| |||| 00| 0 eng d
020
_a
9781585620593
041
_a
eng
080
_a
61
100
_a
3
101
_a
SHM
245
_a
CASE BOOK
_c
ROBERT SPITZER
942
_2
udc
_c
BK
999
_c
4753
_d
4753